000 01102cam a22003014a 4500
005 20131016055451.0
008 011026s2002 nyu b 001 0 eng
020 _a0393977633
041 0 _aeng
080 _a32
100 1 _aGinsberg, Benjamin.
245 1 0 _aPolitics by other means :
_cBenjamin Ginsberg, Martin Shefter.
250 _a3rd ed.
260 _aNew York :
_bNorton,
_cc2002.
300 _a266 p. ;
_c21 cm.
500 _aPreface to the third edition f. : [9] - [10]
504 _aIncludes bibliographical references and index.
650 0 _aPolitika botërore
_zUnited States.
650 0 _zShkenca politike
650 0 _aPolitika praktike
_zUnited States.
650 0 _aElections
_zUnited States.
650 0 _aGovernmental investigations
_zUnited States.
650 0 _aMass media
_xPolitical aspects
_zUnited States.
651 0 _aUnited States
_xPolitics and government
_y1945-1989.
651 0 _aUnited States
_xPolitics and government
_y1989-
700 1 _aShefter, Martin,
_d1943-
942 _2udc
_cBK
999 _c125
_d125